| 000 | 00726nam a22002537a 4500 | ||
|---|---|---|---|
| 003 | CHAP | ||
| 005 | 20220329140617.0 | ||
| 008 | 971013s1979 r 00010 d | ||
| 010 | _a54714 | ||
| 011 | _a55686 | ||
| 035 | _a59838 | ||
| 040 | _cCHAP | ||
| 090 | _aFolleto 7464 | ||
| 100 | 0 | 0 |
_aSanfourche, Georgette. _9102202 |
| 245 | _aVarietes de cerisiers | ||
| 260 |
_aParis : _bInstitut National de Vulgarissation pour les Fruits, Legumes et Champignons, _c1979 |
||
| 300 | _a44 p. | ||
| 590 |
_aBATCH-UPD _b10 _c20130110 _lUCH01 _h0816 |
||
| 590 |
_aCONVERSION _b10 _c20130109 _lUCH01 _h1330 |
||
| 650 | 1 | 4 |
_aCereza. _921492 |
| 901 | _aBK | ||
| 942 | _cFOLL | ||
| 949 |
_aFolleto 7464 _bBC _cFOLL _d-129237 _eTS1 _i59838 _si |
||
| 999 |
_c54714 _d54714 |
||